| 000 | 00838nam a2200241 i 4500 | ||
|---|---|---|---|
| 001 | 61310 | ||
| 003 | ES-MaACL | ||
| 005 | 20230906164427.0 | ||
| 007 | t| | ||
| 008 | 031111s1970 sp ||||1| spa d | ||
| 100 | 1 |
_aEvdokimov, Paul. _948382 |
|
| 245 | 1 | 3 |
_aLa mujer y la salvación del mundo _b: estudio de antropología cristiana sobre los carismas de la mujer / _cP. Evdokimov ; [traductor: José Mª González Casado]. |
| 250 | _a[1ª ed.]. | ||
| 260 |
_aBarcelona, etc. : _bAriel, _c[1970] |
||
| 300 |
_a303 p. ; _c22 cm. |
||
| 490 | 1 |
_aColección Adesiara ; _v2 |
|
| 650 | 0 | 4 |
_aMariología. _914794 |
| 650 |
_aMujeres- _xAspectos religiosos. _9174231 |
||
| 700 | 1 |
_aGonzález Casado, José María. _958495 |
|
| 830 | 0 |
_aColección Adesiara ; _v2 _9230591 |
|
| 852 |
_aES-MaACL _jC-44749 _bR.73631 |
||
| 999 |
_c61310 _d61310 |
||